| 000 | 00872nam a2200241 i 4500 | ||
|---|---|---|---|
| 001 | 159689 | ||
| 003 | ES-MaACL | ||
| 005 | 20250814081111.0 | ||
| 008 | 040831s1838 fr |||| | fre d | ||
| 080 | _a581.6 | ||
| 100 | 1 |
_aMillot, D.B.J.L. _9129931 |
|
| 245 | 1 | 0 |
_aEntretiens sur les plantes utiles à l'homme / _cpar D.B.J.L. Millot. |
| 260 |
_aParis ; _aStrasbourg : _bchez F.G. Levrault, _c1838. |
||
| 300 |
_a222, [2] p. ; _c14 cm. |
||
| 490 | 1 | _aMaitre Pierre ou Le savant de village | |
| 490 | 1 |
_aBibliothèque de l'instruction populaire ; _v39 |
|
| 650 | 7 |
_aPlantas _2embne _9146656 |
|
| 650 | 7 |
_aBotánica agrícola _2embne _9150276 |
|
| 830 | 1 |
_aMaitre Pierre ou Le savant de village _9187710 |
|
| 830 | 1 |
_aBibliothèque de l'instruction populaire ; _v39 _9187711 |
|
| 852 | 4 |
_aES-MaACL _jD-5199(3) _z- Enc. hol. |
|
| 999 |
_c159689 _d159689 |
||